Ochranné rukavice pre motocyklistu

Saved in:
Bibliographic Details
Main Author: Holček, Juraj, 1985- (Author)
Other Authors: Paliatka, Peter, 1952- (Thesis advisor)
Format: Manuscript Book
Language:Slovak
Published: Bratislava : STU v Bratislave FA, 2013
Subjects:
Online Access:VAIS
Tags: Add Tag
No Tags, Be the first to tag this record!

MARC

LEADER 00000ntm a22000003a 4500
001 stu267651
005 20210414075822.4
008 130608s2013----xo------------------slo-d
040 |a STU  |b slo 
041 0 |a slo 
044 |a xo 
100 1 |a Holček, Juraj,  |d 1985-  |4 aut  |u A  |T FAD Fakulta architektúry  |X 49873  |U A  |Y 50  |7 A000049873 
242 0 0 |a Protective Gloves for Motorcyclist  |y eng 
245 1 |a Ochranné rukavice pre motocyklistu 
260 |a Bratislava :  |b STU v Bratislave FA,  |c 2013 
650 7 |a motorcycle  |2 estusub 
650 7 |a protection  |2 estusub 
650 7 |a zranenie  |2 stusub 
650 7 |a ochrana  |2 stusub 
650 7 |a motocykel  |2 stusub 
700 1 |a Paliatka, Peter,  |d 1952-  |4 ths  |u A9190  |U FAD Fakulta architektúry  |U FAD Fakulta architektúry  |T FA Ústav dizajnu  |X 332  |U A9190  |Y 400  |7 A000000332 
856 4 |a info a plný text  |u http://is.stuba.sk/zp/portal_zp.pl?podrobnosti=95198  |u https://opac.crzp.sk/?fn=detailBiblioForm&sid=9359D1AC2B33EC8F6E8CFEDC0F9A  |3 VAIS